[Event "Madrid 2019-2020 ch - Previa A"]
[Site "Madrid ESP"]
[Date "2020.02.03"]
[Round "1.29"]
[White "Olmos Rodriguez, Arcadio"]
[Black "Moreno Uribarri, Miguel"]
[Result "0-1"]
[WhiteElo "1404"]
[BlackElo "1802"]
[PlyCount "88"]
[EventDate "2020.02.03"]
[EventType "swiss"]
[EventRounds "9"]
[EventCountry "ESP"]
[SourceTitle "Ajedrez en Madrid"]
[Source "lmi"]
[SourceDate "2020.02.03"]
[SourceVersion "1"]
[SourceVersionDate "2020.02.27"]
[SourceQuality "1"]

1. c4 Nf6 2. g3 g6 3. Bg2 Bg7 4. Nc3 O-O 5. e4 d6 6. d3 c5 7. Nge2 Nc6 8. O-O
a6 9. a4 Rb8 10. Rb1 Ne8 11. Nd5 e6 12. Ne3 Nc7 13. Nc3 b5 14. axb5 axb5 15.
Nxb5 Nxb5 16. cxb5 Rxb5 17. f4 Nd4 18. b4 Rxb4 19. Rxb4 cxb4 20. Bb2 Ba6 21.
Nc4 Qc7 22. e5 Nf5 23. exd6 Nxd6 24. Bxg7 Kxg7 25. Qa1+ Kg8 26. Qxa6 Nf5 27.
Qb6 Qd7 28. Ne5 Qa4 29. Be4 Ne7 30. Qd4 f5 31. Bf3 Qa5 32. Nd7 Rd8 33. Nf6+ Kf7
34. Qb2 h6 35. Rb1 Rxd3 36. Be2 Qc5+ 37. Kf1 Rd4 38. Rc1 Qb6 39. g4 Rxf4+ 40.
Ke1 Qf2+ 41. Kd1 Rd4+ 42. Kc2 Qxe2+ 43. Kb1 Qxb2+ 44. Kxb2 Kxf6 0-1

[Event "Madrid 2019-2020 ch - Previa A"]
[Site "Madrid ESP"]
[Date "2020.02.03"]
[Round "1.30"]
[White "Fernandez Rios, Jose Francisco"]
[Black "Suarez Mencia, Roberto"]
[Result "1-0"]
[WhiteElo "1794"]
[BlackElo "1387"]
[PlyCount "59"]
[EventDate "2020.02.03"]
[EventType "swiss"]
[EventRounds "9"]
[EventCountry "ESP"]
[SourceTitle "Ajedrez en Madrid"]
[Source "lmi"]
[SourceDate "2020.02.03"]
[SourceVersion "1"]
[SourceVersionDate "2020.02.27"]
[SourceQuality "1"]

1. d4 Nf6 2. c4 g6 3. Nc3 Bg7 4. e4 d6 5. Nf3 Nbd7 6. Be2 O-O 7. Be3 b6 8. b3
e5 9. d5 Re8 10. Nd2 Nf8 11. b4 h6 12. O-O N8h7 13. c5 bxc5 14. bxc5 dxc5 15.
Bxc5 a6 16. Nc4 Bb7 17. Na5 Qc8 18. Rb1 Ng5 19. Rxb7 Ngxe4 20. Nxe4 Nxe4 21.
Be3 Nc3 22. Qd2 e4 23. Rc1 Nxe2+ 24. Qxe2 Qf5 25. Qc4 Be5 26. Nc6 Bd6 27. Rcb1
Rac8 28. Bc5 Qf4 29. Bxd6 cxd6 30. Ne7+ 1-0

[Event "Madrid 2019-2020 ch - Previa A"]
[Site "Madrid ESP"]
[Date "2020.02.03"]
[Round "1.32"]
[White "Hernandez Gutierrez, Jose"]
[Black "Giron Herranz, Ivan"]
[Result "1-0"]
[WhiteElo "1784"]
[BlackElo "1341"]
[PlyCount "32"]
[EventDate "2020.02.03"]
[EventType "swiss"]
[EventRounds "9"]
[EventCountry "ESP"]
[SourceTitle "Ajedrez en Madrid"]
[Source "lmi"]
[SourceDate "2020.02.03"]
[SourceVersion "1"]
[SourceVersionDate "2020.02.27"]
[SourceQuality "1"]

1. d4 d5 2. c4 e6 3. Nf3 Nf6 4. g3 Ne4 5. Bg2 Nd7 6. O-O Be7 7. Qc2 b6 8. cxd5
exd5 9. Qc6 Rb8 10. Qxd5 Bb7 11. Qb3 h5 12. Nc3 Nef6 13. Bf4 Rc8 14. Rac1 Nf8
15. Ne5 Bd5 16. Nxd5 Ne6 1-0

[Event "Madrid 2019-2020 ch - Previa A"]
[Site "Madrid ESP"]
[Date "2020.02.03"]
[Round "1.33"]
[White "Martinez Muñoz, Rafael"]
[Black "Yeves Miquel, Enrique"]
[Result "0-1"]
[WhiteElo "1297"]
[BlackElo "1777"]
[PlyCount "82"]
[EventDate "2020.02.03"]
[EventType "swiss"]
[EventRounds "9"]
[EventCountry "ESP"]
[SourceTitle "Ajedrez en Madrid"]
[Source "lmi"]
[SourceDate "2020.02.03"]
[SourceVersion "1"]
[SourceVersionDate "2020.02.27"]
[SourceQuality "1"]

1. d4 Nf6 2. Bf4 e6 3. e3 d5 4. Nf3 Bd6 5. Bg3 O-O 6. Bd3 b6 7. Nbd2 Bb7 8. Ne5
Nbd7 9. c3 Ne4 10. Qc2 f5 11. f4 Ndf6 12. Bh4 Qe8 13. O-O-O Bxe5 14. fxe5 Ng4
15. Bxe4 fxe4 16. Rde1 Qh5 17. Bg3 Nf2 18. Bxf2 Rxf2 19. Reg1 Qg5 20. Re1 Rxg2
21. Qa4 Qe7 22. c4 a5 23. Nb1 Qb4 24. Qb3 dxc4 25. Qc3 Rf8 26. Ref1 Rxf1+ 27.
Rxf1 Rxh2 28. Qxb4 axb4 29. Nd2 Bd5 30. b3 b5 31. Rf4 c3 32. Nxe4 Rxa2 33. Nc5
Rb2 34. e4 Bxb3 35. d5 exd5 36. e6 Ra2 37. Nxb3 Ra8 38. exd5 Rd8 39. Rf5 g6 40.
Rf7 Rxd5 41. e7 Kxf7 0-1

[Event "Madrid 2019-2020 ch - Previa A"]
[Site "Madrid ESP"]
[Date "2020.02.03"]
[Round "1.34"]
[White "Corral Aragon, Juan Maria"]
[Black "Loriente Del Real, Alberto"]
[Result "1-0"]
[WhiteElo "1766"]
[BlackElo "1288"]
[PlyCount "88"]
[EventDate "2020.02.03"]
[EventType "swiss"]
[EventRounds "9"]
[EventCountry "ESP"]
[SourceTitle "Ajedrez en Madrid"]
[Source "lmi"]
[SourceDate "2020.02.03"]
[SourceVersion "1"]
[SourceVersionDate "2020.02.27"]
[SourceQuality "1"]

1. e4 c5 2. Nf3 Nc6 3. d4 cxd4 4. Nxd4 Nf6 5. Nc3 e5 6. Ndb5 d6 7. Bg5 a6 8.
Bxf6 gxf6 9. Na3 Bg7 10. Nc4 Nd4 11. Nd5 b5 12. Ncb6 Rb8 13. Nxc8 Rxc8 14. c3
Ne6 15. a4 O-O 16. axb5 axb5 17. Bxb5 Nc7 18. c4 f5 19. exf5 Nxd5 20. Qxd5 Rc5
21. Qd2 d5 22. Rd1 d4 23. O-O e4 24. Qf4 Qe7 25. Rfe1 e3 26. fxe3 Be5 27. Qg4+
Kh8 28. exd4 Bxh2+ 29. Kxh2 Qd6+ 30. Kh1 Rcc8 31. d5 Rg8 32. Qd4+ Rg7 33. c5
Qh6+ 34. Kg1 f6 35. Re8+ Rxe8 36. Bxe8 Qg5 37. Qf2 Rg8 38. Bd7 Qg4 39. Rd4 Qg5
40. Re4 Qc1+ 41. Re1 Qh6 42. d6 Rg4 43. Bc6 Rc4 44. Re8+ Kg7 1-0

[Event "Madrid 2019-2020 ch - Previa A"]
[Site "Madrid ESP"]
[Date "2020.02.03"]
[Round "1.35"]
[White "Faggiano, Alessandro"]
[Black "Fernandez Garcia, Ignacio"]
[Result "0-1"]
[WhiteElo "1282"]
[BlackElo "1755"]
[PlyCount "49"]
[EventDate "2020.02.03"]
[EventType "swiss"]
[EventRounds "9"]
[EventCountry "ESP"]
[SourceTitle "Ajedrez en Madrid"]
[Source "lmi"]
[SourceDate "2020.02.03"]
[SourceVersion "1"]
[SourceVersionDate "2020.02.27"]
[SourceQuality "1"]

1. e4 e6 2. d4 d5 3. e5 f6 4. Nf3 c5 5. c3 Nc6 6. Bb5 Qb6 7. Bxc6+ bxc6 8. O-O
cxd4 9. cxd4 c5 10. b3 cxd4 11. exf6 Nxf6 12. Nxd4 Bc5 13. Bb2 O-O 14. Na3 Ba6
15. Ne2 Ne4 16. Bd4 Bxd4 17. Qxd4 Bxe2 18. Qxb6 axb6 19. Rfe1 Rxf2 20. Nc2 Raf8
21. Nd4 Ba6 22. Nxe6 R8f6 23. Nd4 Nd2 24. a4 Bf1 25. Rxf1 0-1

[Event "Madrid 2019-2020 ch - Previa A"]
[Site "Madrid ESP"]
[Date "2020.02.03"]
[Round "1.37"]
[White "Arevillca Colque, Jonatan"]
[Black "Lizon Martinez, Santiago"]
[Result "0-1"]
[WhiteElo "1004"]
[BlackElo "1738"]
[PlyCount "84"]
[EventDate "2020.02.03"]
[EventType "swiss"]
[EventRounds "9"]
[EventCountry "ESP"]
[SourceTitle "Ajedrez en Madrid"]
[Source "lmi"]
[SourceDate "2020.02.03"]
[SourceVersion "1"]
[SourceVersionDate "2020.02.27"]
[SourceQuality "1"]

1. e4 c5 2. Nf3 d6 3. Bc4 e6 4. Nc3 a6 5. O-O b5 6. Be2 Nf6 7. e5 dxe5 8. Nxe5
Qc7 9. d4 cxd4 10. Qxd4 Bc5 11. Qf4 Bd6 12. Qg5 Bxe5 13. f4 Bd4+ 14. Kh1 O-O
15. Rd1 Bxc3 16. Bf3 Bb7 17. Bxb7 Qxb7 18. bxc3 Nbd7 19. f5 Ne4 20. Qf4 exf5
21. Qxf5 Ndf6 22. Bg5 Nxg5 23. Qxg5 h6 24. Qf5 Rad8 25. Rxd8 Rxd8 26. Rb1 Qd5
27. Qxd5 Rxd5 28. Kg1 Rc5 29. Rb3 Ne4 30. Ra3 Rc6 31. g4 Nxc3 32. Kf2 Na4 33.
Ke3 Rxc2 34. h4 Rc3+ 35. Rxc3 Nxc3 36. a3 Nb1 37. Kd3 Nxa3 38. Kc3 Nc4 39. Kd4
Kf8 40. h5 Ke7 41. Kd5 Kf6 42. Kc5 Kg5 0-1

[Event "Madrid 2019-2020 ch - Previa A"]
[Site "Madrid ESP"]
[Date "2020.02.03"]
[Round "1.38"]
[White "Maseda Iglesias, Luis"]
[Black "Martin Rodriguez, Anastasio"]
[Result "1/2-1/2"]
[WhiteElo "1735"]
[BlackElo "1607"]
[PlyCount "99"]
[EventDate "2020.02.03"]
[EventType "swiss"]
[EventRounds "9"]
[EventCountry "ESP"]
[SourceTitle "Ajedrez en Madrid"]
[Source "lmi"]
[SourceDate "2020.02.03"]
[SourceVersion "1"]
[SourceVersionDate "2020.02.27"]
[SourceQuality "1"]

1. d4 Nf6 2. Nf3 e6 3. Bf4 d5 4. e3 Bd6 5. Bg3 Nbd7 6. Nbd2 Bxg3 7. hxg3 c5 8.
c3 c4 9. Qc2 b5 10. Ne5 g6 11. Be2 Bb7 12. O-O Nxe5 13. dxe5 Nd7 14. Nf3 Qc7
15. Nd4 a6 16. f4 Nc5 17. Bf3 h5 18. a4 Nxa4 19. Ra3 Nc5 20. Rfa1 Qb6 21. Qd2
Ke7 22. Qe2 h4 23. g4 h3 24. f5 hxg2 25. f6+ Kd7 26. Kxg2 Rh4 27. Rh1 Rxh1 28.
Kxh1 Nd3 29. b4 Nxe5 30. g5 Rh8+ 31. Kg2 Qd6 32. Kf1 Nxf3 33. Qxf3 Qh2 34. Qg2
Qxg2+ 35. Kxg2 e5 36. Nf3 Ke6 37. Kg3 Kf5 38. Ra1 Rh5 39. Rf1 Ke6 40. Kg4 Rh8
41. Re1 Ra8 42. Ra1 Bc8 43. Ra2 Kd6+ 44. Kg3 Bb7 45. Kg4 Rh8 46. Ra1 Bc8+ 47.
Kg3 Rh3+ 48. Kg2 e4 49. Rxa6+ Bxa6 50. Kxh3 1/2-1/2

[Event "Madrid 2019-2020 ch - Previa A"]
[Site "Madrid ESP"]
[Date "2020.02.04"]
[Round "2.1"]
[White "Barahona Torrijos, Angel"]
[Black "Panduru, Eugen"]
[Result "0-1"]
[WhiteElo "1827"]
[BlackElo "1982"]
[PlyCount "38"]
[EventDate "2020.02.03"]
[EventType "swiss"]
[EventRounds "9"]
[EventCountry "ESP"]
[SourceTitle "Ajedrez en Madrid"]
[Source "lmi"]
[SourceDate "2020.02.03"]
[SourceVersion "1"]
[SourceVersionDate "2020.02.27"]
[SourceQuality "1"]

1. e4 e5 2. Nf3 Nc6 3. Nc3 Nf6 4. Bb5 Bc5 5. Nxe5 Qe7 6. Nd3 Nxe4 7. O-O Nxc3
8. dxc3 Nd8 9. Re1 Ne6 10. Rxe6 Bxf2+ 11. Kxf2 Qxe6 12. Qf3 O-O 13. Be3 c6 14.
Re1 cxb5 15. Bc5 d6 16. Nf4 dxc5 17. Rxe6 fxe6 18. h4 Bd7 19. Qe3 Rxf4+ 0-1

[Event "Madrid 2019-2020 ch - Previa A"]
[Site "Madrid ESP"]
[Date "2020.02.04"]
[Round "2.2"]
[White "Cabañas Bravo, Juan Andres"]
[Black "Jimenez Gonzalez, Marcos"]
[Result "1-0"]
[WhiteElo "1981"]
[BlackElo "1811"]
[PlyCount "63"]
[EventDate "2020.02.03"]
[EventType "swiss"]
[EventRounds "9"]
[EventCountry "ESP"]
[SourceTitle "Ajedrez en Madrid"]
[Source "lmi"]
[SourceDate "2020.02.03"]
[SourceVersion "1"]
[SourceVersionDate "2020.02.27"]
[SourceQuality "1"]

1. e4 c6 2. Nc3 d5 3. Nf3 Bg4 4. h3 Bxf3 5. Qxf3 e6 6. d4 Nd7 7. Bd3 Ne7 8. Bg5
Qb6 9. O-O-O dxe4 10. Bxe4 Nd5 11. Bxd5 cxd5 12. Nxd5 Qa5 13. Rhe1 Bd6 14. Kb1
O-O 15. Be7 Bxe7 16. Nxe7+ Kh8 17. d5 Qb4 18. d6 Rad8 19. Re4 Qb6 20. Rf4 Ne5
21. Qh5 Ng6 22. Nxg6+ fxg6 23. Rxf8+ Rxf8 24. Qe2 Rxf2 25. Qxe6 Qc6 26. c4 h6
27. Qxg6 Qa4 28. Qd3 Qd7 29. Qd4 Rf6 30. Qxa7 Qf5+ 31. Ka1 Qd3 32. Qg1 1-0

[Event "Madrid 2019-2020 ch - Previa A"]
[Site "Madrid ESP"]
[Date "2020.02.04"]
[Round "2.3"]
[White "Ciuro Muñoz, Ricardo"]
[Black "Garcia Diez, Mariano"]
[Result "1/2-1/2"]
[WhiteElo "1953"]
[BlackElo "1804"]
[PlyCount "136"]
[EventDate "2020.02.03"]
[EventType "swiss"]
[EventRounds "9"]
[EventCountry "ESP"]
[SourceTitle "Ajedrez en Madrid"]
[Source "lmi"]
[SourceDate "2020.02.03"]
[SourceVersion "1"]
[SourceVersionDate "2020.02.27"]
[SourceQuality "1"]

1. e4 c5 2. Nf3 g6 3. d3 Bg7 4. g3 Nc6 5. Bg2 d6 6. O-O Nf6 7. Re1 O-O 8. c3 e5
9. a3 d5 10. Nbd2 d4 11. c4 Nh5 12. Qa4 Bd7 13. Qc2 f5 14. exf5 gxf5 15. b4 Qc7
16. Ng5 cxb4 17. Bd5+ Kh8 18. Nf7+ Rxf7 19. Bxf7 Nf6 20. Bd5 bxa3 21. Bxa3 b5
22. cxb5 Nxd5 23. bxc6 Bxc6 24. Nc4 Bb7 25. Bd6 Qc6 26. Qa4 Qxa4 27. Rxa4 e4
28. Be5 exd3 29. Bxg7+ Kxg7 30. Nd2 Nc3 31. Ra3 Kf6 32. f3 h5 33. Kf2 a6 34.
Rb3 Bd5 35. Rb6+ Kg7 36. Re7+ Kf8 37. Re5 Nd1+ 38. Ke1 Ne3 39. Nf1 Nc4 40.
Rxf5+ Kg7 41. Rxd5 Re8+ 42. Kd1 Nxb6 43. Rxd4 Re6 44. Rxd3 Nc4 45. Rd4 Rd6 46.
Rxd6 Nxd6 47. Ne3 Kg6 48. Kd2 Kg5 49. h4+ Kg6 50. Kd3 Kf6 51. g4 hxg4 52. fxg4
Kg6 53. Kd4 Nf7 54. Nc4 Nh6 55. Ne5+ Kh7 56. Kc5 Ng8 57. Kb6 Ne7 58. Kxa6 Kg7
59. Kb5 Kf6 60. Nf3 Ng6 61. h5 Nf4 62. g5+ Kf5 63. h6 Ng6 64. h7 Nh8 65. Kc5
Kg6 66. Kd5 Kxh7 67. Ne5 Ng6 68. Nf3 Nf4+ 1/2-1/2

[Event "Madrid 2019-2020 ch - Previa A"]
[Site "Madrid ESP"]
[Date "2020.02.04"]
[Round "2.4"]
[White "Roldan Garcia, Angel"]
[Black "Alvarez Abejon, Amilcar"]
[Result "1/2-1/2"]
[WhiteElo "1809"]
[BlackElo "1947"]
[PlyCount "36"]
[EventDate "2020.02.03"]
[EventType "swiss"]
[EventRounds "9"]
[EventCountry "ESP"]
[SourceTitle "Ajedrez en Madrid"]
[Source "lmi"]
[SourceDate "2020.02.03"]
[SourceVersion "1"]
[SourceVersionDate "2020.02.27"]
[SourceQuality "1"]

1. e4 e6 2. d4 d5 3. Nd2 c5 4. Ngf3 cxd4 5. Nxd4 Nc6 6. Nxc6 bxc6 7. c4 Nf6 8.
cxd5 cxd5 9. Bb5+ Bd7 10. Qa4 dxe4 11. Nxe4 Nxe4 12. Bxd7+ Qxd7 13. Qxe4 Rb8
14. O-O Be7 15. Be3 O-O 16. Rfd1 Qb7 17. Qxb7 Rxb7 18. b3 Ba3 1/2-1/2

[Event "Madrid 2019-2020 ch - Previa A"]
[Site "Madrid ESP"]
[Date "2020.02.04"]
[Round "2.5"]
[White "Gil Sierra, Jacinto"]
[Black "Fernandez Rios, Jose Francisco"]
[Result "0-1"]
[WhiteElo "1945"]
[BlackElo "1794"]
[PlyCount "60"]
[EventDate "2020.02.03"]
[EventType "swiss"]
[EventRounds "9"]
[EventCountry "ESP"]
[SourceTitle "Ajedrez en Madrid"]
[Source "lmi"]
[SourceDate "2020.02.03"]
[SourceVersion "1"]
[SourceVersionDate "2020.02.27"]
[SourceQuality "1"]

1. e4 c5 2. Nf3 g6 3. d4 cxd4 4. Nxd4 Bg7 5. Nc3 Nc6 6. Be3 Nf6 7. Be2 O-O 8.
O-O d5 9. exd5 Nxd5 10. Nxd5 Qxd5 11. Bf3 Qa5 12. Nxc6 bxc6 13. c3 Rb8 14. Qc2
Bf5 15. Qe2 Rfd8 16. Rfd1 c5 17. Rxd8+ Rxd8 18. Qc4 Rb8 19. Qxc5 Qxc5 20. Bxc5
Rxb2 21. Bxa7 Bxc3 22. g4 Bxg4 23. Bxg4 Rb4 24. Rc1 Rxg4+ 25. Kf1 Be5 26. Be3
Bxh2 27. Rc8+ Kg7 28. Ra8 Be5 29. a4 Bd4 30. Bd2 h5 0-1

[Event "Madrid 2019-2020 ch - Previa A"]
[Site "Madrid ESP"]
[Date "2020.02.04"]
[Round "2.6"]
[White "Moreno Uribarri, Miguel"]
[Black "Esteban Amo, Jose M."]
[Result "1-0"]
[WhiteElo "1802"]
[BlackElo "1932"]
[PlyCount "81"]
[EventDate "2020.02.03"]
[EventType "swiss"]
[EventRounds "9"]
[EventCountry "ESP"]
[SourceTitle "Ajedrez en Madrid"]
[Source "lmi"]
[SourceDate "2020.02.03"]
[SourceVersion "1"]
[SourceVersionDate "2020.02.27"]
[SourceQuality "1"]

1. e4 c5 2. Nf3 g6 3. d4 cxd4 4. Qxd4 Nf6 5. e5 Nc6 6. Qa4 Nd5 7. Qe4 Nb6 8.
Nc3 Bg7 9. Bf4 O-O 10. O-O-O d5 11. exd6 Bf5 12. dxe7 Qxe7 13. Qxe7 Nxe7 14.
Bd6 Rfe8 15. Bb5 Nc6 16. Rhe1 Rxe1 17. Rxe1 Bh6+ 18. Kb1 Bf8 19. Bxf8 Kxf8 20.
h3 h5 21. Kc1 Rd8 22. Rd1 Ke7 23. Rxd8 Nxd8 24. Nd4 Bd7 25. Bxd7 Kxd7 26. b3
Nc6 27. Nxc6 Kxc6 28. Kd2 Nd7 29. Ke3 a6 30. Kd4 Kd6 31. Ne4+ Kc6 32. g4 hxg4
33. hxg4 f6 34. f4 b6 35. c4 a5 36. a3 g5 37. f5 Nc5 38. b4 axb4 39. axb4 Nd7
40. b5+ Kc7 41. Kd5 1-0

[Event "Madrid 2019-2020 ch - Previa A"]
[Site "Madrid ESP"]
[Date "2020.02.04"]
[Round "2.8"]
[White "Yeves Miquel, Enrique"]
[Black "Rodriguez Diaz, Alberto Jose"]
[Result "0-1"]
[WhiteElo "1777"]
[BlackElo "1910"]
[PlyCount "70"]
[EventDate "2020.02.03"]
[EventType "swiss"]
[EventRounds "9"]
[EventCountry "ESP"]
[SourceTitle "Ajedrez en Madrid"]
[Source "lmi"]
[SourceDate "2020.02.03"]
[SourceVersion "1"]
[SourceVersionDate "2020.02.27"]
[SourceQuality "1"]

1. c4 d6 2. Nc3 f5 3. g3 Nf6 4. Bg2 e5 5. d3 g6 6. e4 c6 7. Nge2 Bg7 8. O-O O-O
9. exf5 Bxf5 10. d4 Nbd7 11. h3 Nb6 12. dxe5 dxe5 13. b3 Qe7 14. Bb2 Rad8 15.
Qc1 Bd3 16. Ba3 c5 17. Qe3 Bxe2 18. Bxc5 Qc7 19. Nxe2 Rf7 20. Rad1 Rfd7 21.
Rxd7 Rxd7 22. Nc3 Bh6 23. Bxb6 Bxe3 24. Bxc7 Bd4 25. Nd5 Kg7 26. Ba5 b6 27. Bc3
Rxd5 28. Bxd5 Bxc3 29. Rd1 Kf8 30. Kg2 Ke7 31. Rd3 Bb4 32. Re3 Bd6 33. f4 Nd7
34. Bc6 Nb8 35. fxe5 Bc5 0-1

[Event "Madrid 2019-2020 ch - Previa A"]
[Site "Madrid ESP"]
[Date "2020.02.04"]
[Round "2.9"]
[White "Corral Aragon, Juan Maria"]
[Black "Rosa Ramirez, Victor D."]
[Result "1/2-1/2"]
[WhiteElo "1766"]
[BlackElo "1888"]
[PlyCount "116"]
[EventDate "2020.02.03"]
[EventType "swiss"]
[EventRounds "9"]
[EventCountry "ESP"]
[SourceTitle "Ajedrez en Madrid"]
[Source "lmi"]
[SourceDate "2020.02.03"]
[SourceVersion "1"]
[SourceVersionDate "2020.02.27"]
[SourceQuality "1"]

1. e4 e6 2. d4 d5 3. Nc3 dxe4 4. Nxe4 Nd7 5. Nf3 Ngf6 6. Nxf6+ Nxf6 7. Bg5 h6
8. Bxf6 Qxf6 9. Bd3 Bd6 10. O-O O-O 11. c4 c6 12. Qe2 c5 13. Qe4 g6 14. h4 cxd4
15. h5 e5 16. hxg6 fxg6 17. Qxg6+ Qxg6 18. Bxg6 Bf5 19. Bxf5 Rxf5 20. Nd2 b6
21. a3 Kf7 22. Ne4 Ke6 23. b4 Rc8 24. Rac1 Rf7 25. Rc2 Rfc7 26. Rfc1 Be7 27. f3
Bg5 28. Nxg5+ hxg5 29. Kf2 Rd7 30. c5 Rdc7 31. c6 b5 32. a4 a6 33. axb5 axb5
34. Rc5 Kd6 35. Re1 Re7 36. Rec1 Rec7 37. Rh1 Re7 38. Rxb5 Rxc6 39. Kg3 Rc2 40.
Rh6+ Kc7 41. Rhb6 Rc6 42. Rb7+ Kd6 43. Rxe7 Kxe7 44. Rxe5+ Kd6 45. Rxg5 Rc2 46.
Kf4 Re2 47. Rg8 Kc7 48. Rg7+ Kc6 49. Rg6+ Kd7 50. Rg5 Kd6 51. g4 d3 52. Rg6+
Kd5 53. Rg8 Kc4 54. Rd8 d2 55. g5 Kxb4 56. g6 Kc3 57. Rxd2 Kxd2 58. Kf5 Ke3
1/2-1/2

[Event "Madrid 2019-2020 ch - Previa A"]
[Site "Madrid ESP"]
[Date "2020.02.04"]
[Round "2.10"]
[White "Cardena Contreras, Javier"]
[Black "Garcia Gonzalez, Pedro A."]
[Result "1-0"]
[WhiteElo "1887"]
[BlackElo "1743"]
[PlyCount "73"]
[EventDate "2020.02.03"]
[EventType "swiss"]
[EventRounds "9"]
[EventCountry "ESP"]
[SourceTitle "Ajedrez en Madrid"]
[Source "lmi"]
[SourceDate "2020.02.03"]
[SourceVersion "1"]
[SourceVersionDate "2020.02.27"]
[SourceQuality "1"]

1. e4 e5 2. Nf3 Nc6 3. Bb5 a6 4. Ba4 Nf6 5. O-O Be7 6. Re1 b5 7. Bb3 O-O 8. c3
d5 9. exd5 Nxd5 10. Nxe5 Nxe5 11. Rxe5 c6 12. d4 Bd6 13. Re1 Qh4 14. g3 Qh3 15.
Re4 g5 16. Qf3 Bf5 17. Bc2 Nf6 18. Rh4 Rae8 19. Bd2 Be4 20. Bxe4 Qe6 21. Rh6
Kg7 22. Bxg5 Qxe4 23. Qxf6+ Kg8 24. Be3 Be7 25. Qf4 Qc2 26. Nd2 Bd8 27. Rxc6
Qxb2 28. Re1 Qxa2 29. Qf3 f5 30. d5 Bf6 31. Rf1 Rd8 32. d6 Be5 33. Bf4 Rfe8 34.
Bxe5 Rxe5 35. Qf4 Qd5 36. Qg5+ Kf7 37. Rc7+ 1-0

[Event "Madrid 2019-2020 ch - Previa A"]
[Site "Madrid ESP"]
[Date "2020.02.04"]
[Round "2.11"]
[White "Fernandez Garcia, Ignacio"]
[Black "Baeza Escudero, Javier"]
[Result "1/2-1/2"]
[WhiteElo "1755"]
[BlackElo "1884"]
[PlyCount "131"]
[EventDate "2020.02.03"]
[EventType "swiss"]
[EventRounds "9"]
[EventCountry "ESP"]
[SourceTitle "Ajedrez en Madrid"]
[Source "lmi"]
[SourceDate "2020.02.03"]
[SourceVersion "1"]
[SourceVersionDate "2020.02.27"]
[SourceQuality "1"]

1. d4 Nf6 2. Bg5 e6 3. e4 h6 4. Bxf6 Qxf6 5. Nf3 c5 6. Nc3 cxd4 7. e5 Qd8 8.
Qxd4 Nc6 9. Qe4 a6 10. a3 b5 11. b4 Bb7 12. Qe3 Rc8 13. Ne4 Qc7 14. Ned2 d6 15.
exd6 Bxd6 16. Bd3 Ne7 17. O-O O-O 18. c4 Bf4 19. Qe2 Bxf3 20. Nxf3 bxc4 21. Bc2
Rfd8 22. g3 Bd6 23. Rad1 Nd5 24. Qe4 Nf6 25. Qe2 Be7 26. Ne5 Rd5 27. Rxd5 exd5
28. Re1 Bd6 29. Nf3 Re8 30. Qd2 Rxe1+ 31. Qxe1 Qe7 32. Kf1 Ne4 33. Nd4 Qf6 34.
Qe3 Be5 35. Nf3 Qxf3 36. Qxf3 Nd2+ 37. Ke2 Nxf3 38. Kxf3 Kf8 39. Ba4 Bb2 40.
Bc6 d4 41. b5 axb5 42. Bxb5 c3 43. Bd3 Bxa3 44. Ke4 Bc5 45. Kd5 Ba7 46. f4 Ke7
47. g4 Kf6 48. h4 g6 49. g5+ Kg7 50. Ke5 Bb6 51. Ke4 f6 52. Kd5 hxg5 53. fxg5
f5 54. Ke5 Kf7 55. h5 gxh5 56. Kxf5 Bd8 57. Ke4 Bxg5 58. Kxd4 Bd2 59. Ke4 Ke6
60. Kf3 Ke5 61. Kg3 Kd4 62. Bc2 Be1+ 63. Kg2 Ke3 64. Kh1 Bg3 65. Kg2 h4 66. Kh1
1/2-1/2

[Event "Madrid 2019-2020 ch - Previa A"]
[Site "Madrid ESP"]
[Date "2020.02.04"]
[Round "2.12"]
[White "Viñas Lopez, Carlos"]
[Black "Sarabia Diaz, Santiago"]
[Result "1-0"]
[WhiteElo "1876"]
[BlackElo "1724"]
[PlyCount "43"]
[EventDate "2020.02.03"]
[EventType "swiss"]
[EventRounds "9"]
[EventCountry "ESP"]
[SourceTitle "Ajedrez en Madrid"]
[Source "lmi"]
[SourceDate "2020.02.03"]
[SourceVersion "1"]
[SourceVersionDate "2020.02.27"]
[SourceQuality "1"]

1. d4 Nf6 2. Bg5 d5 3. Bxf6 exf6 4. e3 c5 5. c3 Nc6 6. g3 Be6 7. Bg2 f5 8. Ne2
c4 9. Nd2 Be7 10. Nf4 Qd7 11. Qf3 Rd8 12. h4 b5 13. a4 bxa4 14. Nxc4 Nxd4 15.
exd4 Qb5 16. Nxe6 fxe6 17. Ne5 Qxb2 18. O-O a3 19. Rfb1 Rb8 20. Rxb2 axb2 21.
Rb1 Rb6 22. Qh5+ 1-0

[Event "Madrid 2019-2020 ch - Previa A"]
[Site "Madrid ESP"]
[Date "2020.02.04"]
[Round "2.13"]
[White "Lizon Martinez, Santiago"]
[Black "Garcia Prados, David"]
[Result "0-1"]
[WhiteElo "1738"]
[BlackElo "1872"]
[PlyCount "68"]
[EventDate "2020.02.03"]
[EventType "swiss"]
[EventRounds "9"]
[EventCountry "ESP"]
[SourceTitle "Ajedrez en Madrid"]
[Source "lmi"]
[SourceDate "2020.02.03"]
[SourceVersion "1"]
[SourceVersionDate "2020.02.27"]
[SourceQuality "1"]

1. e4 e5 2. Nf3 Nc6 3. Bb5 a6 4. Ba4 Nf6 5. d3 Bc5 6. O-O b5 7. Bb3 d6 8. c3
O-O 9. Bg5 h6 10. Bh4 g5 11. Bg3 Bg4 12. h3 Bh5 13. Nbd2 Ne7 14. Qe1 Ng6 15. d4
exd4 16. cxd4 Bb4 17. Qe3 Kg7 18. e5 Nd7 19. a3 Bxd2 20. Nxd2 f5 21. f4 dxe5
22. dxe5 gxf4 23. Rxf4 Ndxe5 24. Rd4 Qf6 25. Rf1 Rae8 26. Qc3 Qb6 27. Kh1 Kh7
28. Bc2 Nc6 29. Rd7+ Re7 30. Bxc7 Qb7 31. Bxf5 Rxf5 32. Rxe7+ Ngxe7 33. Rxf5
Nxf5 34. Bf4 Ncd4 0-1

[Event "Madrid 2019-2020 ch - Previa A"]
[Site "Madrid ESP"]
[Date "2020.02.04"]
[Round "2.14"]
[White "Gonzalez-Ruano Perez, Cesar"]
[Black "Del Castillo Izquierdo, Jose"]
[Result "1/2-1/2"]
[WhiteElo "1855"]
[BlackElo "1602"]
[PlyCount "66"]
[EventDate "2020.02.03"]
[EventType "swiss"]
[EventRounds "9"]
[EventCountry "ESP"]
[SourceTitle "Ajedrez en Madrid"]
[Source "lmi"]
[SourceDate "2020.02.03"]
[SourceVersion "1"]
[SourceVersionDate "2020.02.27"]
[SourceQuality "1"]

1. c4 e5 2. Nc3 Nf6 3. d3 Bb4 4. Nf3 Qe7 5. e4 d6 6. h3 h6 7. a3 Bxc3+ 8. bxc3
c6 9. Be2 Nbd7 10. Be3 Nc5 11. O-O g5 12. Nh2 Ne6 13. Ng4 Nf4 14. Nxf6+ Qxf6
15. Bg4 h5 16. Bxc8 Rxc8 17. Bxf4 gxf4 18. Qf3 c5 19. Rab1 Rc7 20. Rb5 Kd8 21.
Rfb1 Kc8 22. Kh2 Qg6 23. R5b3 h4 24. Rg1 Rg8 25. Rgb1 f6 26. Rg1 Rcg7 27. Rb5
a6 28. Rb3 Kb8 29. Qd1 Ka7 30. Rb2 f5 31. f3 fxe4 32. dxe4 Rd8 33. Qb3 Rdd7
1/2-1/2